[Event "23rd Chicago Open"]
[Site "Wheeling, IL"]
[Date "2014.05.25"]
[Round "6.8"]
[White "Kore, Akshayraj"]
[Black "Margvelashvili, Giorgi"]
[Result "0-1"]
[WhiteElo "2491"]
[BlackElo "2550"]
[PlyCount "64"]
[EventDate "2014.05.??"]
[EventRounds "9"]
[EventCountry "USA"]
[SourceDate "2014.01.04"]

1. e4 c5 2. Nf3 d6 3. d4 cxd4 4. Nxd4 Nf6 5. Nc3 Nc6 6. Bg5 e6 7. Qd2 Be7 8.
O-O-O Nxd4 9. Qxd4 a6 10. Be2 O-O 11. Kb1 b5 12. e5 dxe5 13. Qxe5 Nd7 14. Qe4
Bxg5 15. Qxa8 Qc7 16. Bf3 Ne5 17. Qe4 f5 18. Qb4 Be7 19. Qf4 g5 20. Qd4 Bf6 21.
Qd6 Qa7 22. Rhe1 Nc4 23. Qc6 Ne5 24. Qd6 Nc4 25. Qc6 Ne5 26. Rxe5 Bxe5 27. Nd5
g4 28. Be2 Qb7 29. Qxb7 Bxb7 30. Ne7+ Kh8 31. g3 Re8 32. Rd7 Bg2 0-1

[Event "23rd Chicago Open"]
[Site "Wheeling, IL"]
[Date "2014.05.25"]
[Round "6.9"]
[White "Hoyos, Manuel"]
[Black "Nemcova, Katerina"]
[Result "1-0"]
[WhiteElo "2525"]
[BlackElo "2282"]
[PlyCount "165"]
[EventDate "2014.05.??"]
[EventRounds "9"]
[EventCountry "USA"]
[SourceDate "2014.01.04"]

1. e4 e5 2. Nf3 Nc6 3. Bb5 a6 4. Ba4 Nf6 5. d3 d6 6. c4 g6 7. d4 exd4 8. Nxd4
Bd7 9. Nc3 Bg7 10. Nxc6 Bxc6 11. O-O O-O 12. f3 Nd7 13. Bxc6 bxc6 14. Qc2 Nb6
15. b3 d5 16. Ba3 Qf6 17. Ne2 Rfe8 18. Rae1 dxc4 19. bxc4 Qe6 20. c5 Nd5 21.
Qd2 Ne7 22. Rd1 Rab8 23. Nd4 Qc4 24. Nb3 a5 25. Rc1 Qa6 26. Rfd1 a4 27. Na5 Qa8
28. Nc4 Rbd8 29. Qc2 Qa6 30. Bb4 Qb5 31. Ba3 Rd4 32. Rxd4 Bxd4+ 33. Kh1 Rb8 34.
Nd2 Qe2 35. Qd1 Qxd1+ 36. Rxd1 Rb5 37. Nc4 Bxc5 38. Bb2 f5 39. g4 fxe4 40. fxe4
Rb4 41. Rd8+ Kf7 42. Ne5+ Ke6 43. Nd3 Rc4 44. g5 Bb6 45. Nf4+ Kf7 46. Rh8 Rxe4
47. Rxh7+ Ke8 48. Nd3 Re2 49. Bf6 Nd5 50. Rh8+ Kf7 51. Ne5+ Ke6 52. Nxg6 Re1+
53. Kg2 Nxf6 54. Nf4+ Kf5 55. gxf6 Kxf6 56. Rf8+ Kg7 57. Ra8 Re4 58. Kf3 Re3+
59. Kg4 a3 60. h4 Bc5 61. Kf5 Bd6 62. Ne6+ Kf7 63. Ng5+ Kg7 64. Rd8 Re5+ 65.
Kg4 Re2 66. Rd7+ Re7 67. Rxe7+ Bxe7 68. Kf5 Bd6 69. Ne4 Kh6 70. Kg4 c5 71. Nd2
Be5 72. Nc4 Bb2 73. Kh3 Kh5 74. Kg3 Bc1 75. Kh3 Bb2 76. Kg3 Kg6 77. Kg4 Kf6 78.
Kf4 Kg6 79. Ke4 Kh5 80. Kd3 Kxh4 81. Nxb2 axb2 82. Kc2 Kg4 83. a4 1-0

[Event "23rd Chicago Open"]
[Site "Wheeling, IL"]
[Date "2014.05.25"]
[Round "6.12"]
[White "Lenderman, Aleksandr"]
[Black "Homa, Seth"]
[Result "1-0"]
[WhiteElo "2582"]
[BlackElo "2331"]
[PlyCount "81"]
[EventDate "2014.05.??"]
[EventRounds "9"]
[EventCountry "USA"]
[SourceDate "2014.01.04"]

1. c4 e5 2. g3 c6 3. Nf3 e4 4. Nd4 d5 5. Bg2 Nf6 6. d3 exd3 7. cxd5 Nxd5 8.
Qxd3 Be7 9. O-O O-O 10. Rd1 Bf6 11. a3 Na6 12. Qb3 Qb6 13. Bxd5 Bxd4 14. Qxb6
Bxb6 15. Bc4 Be6 16. Bxa6 bxa6 17. Nc3 Rfd8 18. Be3 Bb3 19. Rxd8+ Rxd8 20. Ne4
f5 21. Nd2 Bd5 22. Rc1 a5 23. Nf1 g6 24. Bxb6 axb6 25. Ne3 Rd6 26. Nxd5 cxd5
27. Kf1 Kg7 28. Rc7+ Kh6 29. h4 d4 30. Ke1 d3 31. e3 Rd5 32. Rc4 a4 33. Kd2 b5
34. Rc7 Kh5 35. Rxh7+ Kg4 36. Rh6 Kf3 37. Rxg6 Kxf2 38. h5 Rd7 39. Rg5 Rf7 40.
h6 Kf3 41. Rh5 1-0

[Event "23rd Chicago Open"]
[Site "Wheeling, IL"]
[Date "2014.05.25"]
[Round "6.13"]
[White "Mulyar, Michael"]
[Black "Mitkov, Nikola"]
[Result "1-0"]
[WhiteElo "2417"]
[BlackElo "2511"]
[PlyCount "115"]
[EventDate "2014.05.??"]
[EventRounds "9"]
[EventCountry "USA"]
[SourceDate "2014.01.04"]

1. d4 d5 2. Nf3 Nf6 3. c4 e6 4. g3 Bb4+ 5. Bd2 Be7 6. Bg2 c6 7. O-O b6 8. Nc3
O-O 9. Ne5 Nfd7 10. cxd5 Nxe5 11. dxe5 cxd5 12. Rc1 Bb7 13. f4 Nc6 14. Be1 Qd7
15. Bf2 Rfd8 16. Nb5 Rac8 17. Nd4 Nxd4 18. Qxd4 Bc5 19. Qd2 g6 20. Rfd1 Qa4 21.
a3 a5 22. Qd3 Rd7 23. Bxc5 Rxc5 24. Rxc5 bxc5 25. Rc1 Rc7 26. e3 Qd7 27. Bf1 d4
28. exd4 Qd5 29. dxc5 Qh1+ 30. Kf2 Qxh2+ 31. Ke1 Bd5 32. Rc2 Qg1 33. c6 Kg7 34.
Rc3 Rxc6 35. Rxc6 Bxc6 36. Kd2 h5 37. Be2 Qh2 38. f5 exf5 39. e6 fxe6 40. Qc3+
Kh6 41. Qxc6 Qxg3 42. Qxe6 f4 43. Qe4 h4 44. Qf3 Qg5 45. b4 axb4 46. axb4 Qe5
47. b5 Qd4+ 48. Ke1 Qg1+ 49. Bf1 g5 50. Qf2 Qg4 51. b6 f3 52. Qc5 Qg3+ 53. Kd1
h3 54. Qf8+ Kh5 55. b7 Qf2 56. Qh8+ Kg6 57. Bd3+ Kf7 58. b8=Q 1-0

[Event "23rd Chicago Open"]
[Site "Wheeling, IL"]
[Date "2014.05.25"]
[Round "6.14"]
[White "Santarius, Erik"]
[Black "Sevian, Samuel"]
[Result "0-1"]
[WhiteElo "2337"]
[BlackElo "2446"]
[PlyCount "99"]
[EventDate "2014.05.??"]
[EventRounds "9"]
[EventCountry "USA"]
[SourceDate "2014.01.04"]

1. Nf3 d5 2. d4 Nf6 3. c4 e6 4. Nc3 c6 5. g3 dxc4 6. Bg2 b5 7. Ne5 a6 8. O-O
Bb7 9. Bg5 Nbd7 10. Nxc6 Qc8 11. d5 Nxd5 12. Bxd5 Bxc6 13. Qd4 Bxd5 14. Nxd5 f6
15. Qe4 Kf7 16. Nc7 Qxc7 17. Qxa8 fxg5 18. Rad1 Nf6 19. Rd8 Rg8 20. Rfd1 Be7
21. Rxg8 Nxg8 22. Qxa6 Qc5 23. a4 bxa4 24. Qxa4 Nf6 25. Qc2 h6 26. Qc3 Ne4 27.
Qf3+ Qf5 28. Qxf5+ exf5 29. Rc1 Nd2 30. Rc2 Bb4 31. f3 Bc5+ 32. Kg2 Be3 33. Rc3
f4 34. h4 Ke6 35. hxg5 hxg5 36. gxf4 gxf4 37. Kh3 Kd5 38. Ra3 Nb3 39. Ra8 Bc1
40. Rd8+ Kc5 41. Rc8+ Kd4 42. Rd8+ Ke3 43. Re8+ Kf2 44. Re4 Nd2 45. Rxf4 Bxb2
46. Rf7 Kxe2 47. Kg4 Bf6 48. f4 c3 49. Rd7 c2 50. Rd3 0-1

[Event "23rd Chicago Open"]
[Site "Wheeling, IL"]
[Date "2014.05.25"]
[Round "6.17"]
[White "Francisco, Richard"]
[Black "Ostrovskiy, Aleksandr"]
[Result "0-1"]
[WhiteElo "2263"]
[BlackElo "2436"]
[PlyCount "72"]
[EventDate "2014.05.??"]
[EventRounds "9"]
[EventCountry "USA"]
[SourceDate "2014.01.04"]

1. e4 c6 2. d4 d5 3. e5 c5 4. dxc5 e6 5. a3 Bxc5 6. Qg4 Kf8 7. b4 Bb6 8. Nf3 f6
9. Bb2 Nc6 10. Bd3 Bc7 11. Qf4 g5 12. Qe3 Nxe5 13. Nxe5 Bxe5 14. Bxe5 fxe5 15.
Qxe5 Qf6 16. Qd6+ Ne7 17. Ra2 Kf7 18. O-O e5 19. Qc7 e4 20. Be2 Qf4 21. Bh5+
Kf6 22. Qc3+ Qe5 23. f3 e3 24. Qxe5+ Kxe5 25. c3 Nf5 26. Re1 Ng7 27. Rxe3+ Kd6
28. Bg4 Bxg4 29. fxg4 Rhe8 30. Rae2 Rxe3 31. Rxe3 a5 32. Nd2 axb4 33. axb4 Ne6
34. Nb3 Ra3 35. Nd4 Nxd4 36. cxd4 Rxe3 0-1

[Event "23rd Chicago Open"]
[Site "Wheeling, IL"]
[Date "2014.05.25"]
[Round "6.18"]
[White "Monokroussos, Dennis"]
[Black "Kannappan, Priyadharshan"]
[Result "0-1"]
[WhiteElo "2295"]
[BlackElo "2420"]
[PlyCount "66"]
[EventDate "2014.05.??"]
[EventRounds "9"]
[EventCountry "USA"]
[SourceDate "2014.01.04"]

1. d4 d5 2. c4 dxc4 3. Nf3 Nf6 4. e3 b5 5. a4 b4 6. Bxc4 e6 7. O-O Be7 8. Nbd2
Bb7 9. Qc2 Nbd7 10. e4 c5 11. e5 Nd5 12. Ne4 cxd4 13. Bg5 O-O 14. Rfe1 Nxe5 15.
Nxe5 Bxg5 16. Nc5 Qc7 17. Nxb7 Qxb7 18. Qe4 Rad8 19. Rad1 Qc7 20. h4 Bf6 21.
Rxd4 Bxe5 22. Qxe5 Qxe5 23. Rxe5 Nb6 24. Rxd8 Rxd8 25. b3 Nxc4 26. bxc4 a6 27.
Kf1 Kf8 28. g3 b3 29. Re2 Rb8 30. Rb2 Ke7 31. Ke2 Kd6 32. Kd3 Kc5 33. Kc3 a5
0-1

[Event "23rd Chicago Open"]
[Site "Wheeling, IL"]
[Date "2014.05.25"]
[Round "6.19"]
[White "Boor, Carl"]
[Black "Amanov, Mesgen"]
[Result "0-1"]
[WhiteElo "2261"]
[BlackElo "2463"]
[PlyCount "68"]
[EventDate "2014.05.??"]
[EventRounds "9"]
[EventCountry "USA"]
[SourceDate "2014.01.04"]

1. c4 Nf6 2. Nc3 e5 3. Nf3 Nc6 4. e4 Bc5 5. Nxe5 Nxe5 6. d4 Nxe4 7. Nxe4 Bb4+
8. Bd2 Bxd2+ 9. Qxd2 Ng6 10. O-O-O d5 11. cxd5 O-O 12. Bc4 b5 13. Bxb5 Qxd5 14.
Nc3 Qd6 15. h4 h5 16. Qg5 Rb8 17. Qxh5 c6 18. Bd3 Qf4+ 19. Rd2 Rxb2 20. Qg5
Rxd2 21. Qxf4 Rxd3 22. Qg5 Rxc3+ 23. Kb2 Rc4 24. h5 Rb4+ 25. Kc3 Rb5 26. Qe3
Nh8 27. f3 Be6 28. g4 Bxa2 29. Qe7 Rfb8 30. Rc1 R5b7 31. Qg5 f6 32. Qf4 Nf7 33.
Kd3 Bd5 34. Rc3 a5 0-1

[Event "23rd Chicago Open"]
[Site "Wheeling, IL"]
[Date "2014.05.25"]
[Round "6.22"]
[White "Sharma, Arun"]
[Black "Betaneli, Aleksandr"]
[Result "1/2-1/2"]
[WhiteElo "2383"]
[BlackElo "2239"]
[PlyCount "104"]
[EventDate "2014.05.??"]
[EventRounds "9"]
[EventCountry "USA"]
[SourceDate "2014.01.04"]

1. d4 d5 2. c4 e6 3. Nc3 Be7 4. cxd5 exd5 5. Bf4 Nf6 6. e3 Bf5 7. Qb3 Nc6 8.
Nf3 O-O 9. Rc1 Na5 10. Qd1 c6 11. Bd3 Bxd3 12. Qxd3 Nc4 13. b3 Nd6 14. O-O Nfe4
15. Nd2 Nxd2 16. Qxd2 Ne4 17. Qd3 Nxc3 18. Rxc3 Bd6 19. Bxd6 Qxd6 20. Rc5 f5
21. g3 Rf6 22. Rfc1 g5 23. b4 a6 24. a4 Re8 25. b5 axb5 26. axb5 Qd7 27. bxc6
bxc6 28. Qc2 f4 29. Rxc6 Rxc6 30. Qxc6 Qxc6 31. Rxc6 fxe3 32. fxe3 Rxe3 33. Rd6
Re2 34. Rxd5 h6 35. Rd7 Rd2 36. d5 h5 37. h3 h4 38. g4 Kf8 39. d6 Ke8 40. Re7+
Kd8 41. Rg7 Rxd6 42. Rxg5 Rd3 43. Kg2 Rd2+ 44. Kf3 Rd3+ 45. Kf4 Rxh3 46. Rg7
Ke8 47. Rh7 Kf8 48. Kg5 Kg8 49. Ra7 Rc3 50. Kxh4 Rc5 51. g5 Rc6 52. Kh5 Rb6
1/2-1/2

[Event "23rd Chicago Open"]
[Site "Wheeling, IL"]
[Date "2014.05.25"]
[Round "6.34"]
[White "Yanayt, Eugene"]
[Black "Lastra, Ricardo"]
[Result "1-0"]
[WhiteElo "2226"]
[BlackElo "2058"]
[PlyCount "79"]
[EventDate "2014.05.??"]
[EventRounds "9"]
[EventCountry "USA"]
[SourceDate "2014.01.04"]

1. d4 Nf6 2. c4 c5 3. d5 b5 4. cxb5 a6 5. bxa6 g6 6. Nc3 Bxa6 7. Nf3 d6 8. g3
Bg7 9. Bg2 Nbd7 10. Rb1 O-O 11. O-O Qa5 12. Qc2 Bb7 13. Rd1 Ng4 14. Bd2 Qa7 15.
Be1 Ba6 16. b3 Rfc8 17. a4 Rab8 18. h3 Nge5 19. Nh2 f5 20. Kh1 Nf6 21. f4 Ned7
22. g4 fxg4 23. hxg4 Rc7 24. e4 Rb4 25. Ne2 Bxe2 26. Qxe2 Rb8 27. e5 Ne8 28.
Nf3 Rcb7 29. Bh4 Nf8 30. Qe3 Rb4 31. Be1 R4b6 32. Nd2 Qb7 33. Bg3 Rb4 34. Qe2
Qd7 35. Bf3 Qc7 36. Qe3 Nd7 37. Nc4 Kh8 38. Be1 dxe5 39. Bxb4 Rxb4 40. Re1 1-0

[Event "23rd Chicago Open"]
[Site "Wheeling, IL"]
[Date "2014.05.25"]
[Round "6.36"]
[White "Adamson, Robby"]
[Black "Nieto, Manuel"]
[Result "1-0"]
[WhiteElo "2269"]
[BlackElo "2043"]
[PlyCount "121"]
[EventDate "2014.05.??"]
[EventRounds "9"]
[EventCountry "USA"]
[SourceDate "2014.01.04"]

1. e4 c5 2. Nf3 Nc6 3. d4 cxd4 4. Nxd4 g6 5. c4 Nf6 6. Nc3 d6 7. Be2 Nxd4 8.
Qxd4 Bg7 9. Be3 O-O 10. Qd2 Be6 11. Rc1 Qa5 12. f3 Rfc8 13. b3 a6 14. Na4 Qxd2+
15. Kxd2 Nd7 16. g4 Rab8 17. Nc3 Ne5 18. Nd5 Bxd5 19. cxd5 Nd7 20. b4 Bb2 21.
Rc2 Rxc2+ 22. Kxc2 Bg7 23. Rc1 Rc8+ 24. Kb3 Rxc1 25. Bxc1 Bd4 26. g5 Kf8 27. f4
Bf2 28. Bd2 Ke8 29. Bg4 Kd8 30. Kc2 Nf8 31. Kd3 Nd7 32. Bc3 Nf8 33. Ke2 Bb6 34.
h4 Nd7 35. h5 gxh5 36. Bxh5 Ke8 37. Bg4 Kd8 38. Bg7 a5 39. a3 axb4 40. axb4 Bg1
41. Bf5 Nb6 42. Bxh7 Nc4 43. Bc3 Be3 44. Kf3 Ke8 45. Bf5 Bc1 46. Be1 Nd2+ 47.
Kg4 Nc4 48. Bc8 b6 49. Ba6 Ne3+ 50. Kf3 Nc2 51. Bc3 Ba3 52. b5 Bc5 53. Bg7 Bd4
54. Bh6 Bb2 55. Bb7 e6 56. Bc6+ Ke7 57. f5 exf5 58. exf5 Nd4+ 59. Ke4 Ne2 60.
f6+ Kd8 61. g6 1-0

[Event "23rd Chicago Open"]
[Site "Wheeling, IL"]
[Date "2014.05.25"]
[Round "6.37"]
[White "Smail, Benedict"]
[Black "Haessel, Dale"]
[Result "1-0"]
[WhiteElo "2093"]
[BlackElo "2181"]
[PlyCount "69"]
[EventDate "2014.05.??"]
[EventRounds "9"]
[EventCountry "USA"]
[SourceDate "2014.01.04"]

1. d4 Nf6 2. c4 g6 3. Nc3 d5 4. Bg5 Ne4 5. Bh4 Nxc3 6. bxc3 Bg7 7. e3 c5 8. Nf3
cxd4 9. cxd4 Nc6 10. Be2 O-O 11. O-O Qa5 12. Qb3 dxc4 13. Bxc4 Qh5 14. Be2 e5
15. dxe5 Nxe5 16. Bg3 Bg4 17. Bxe5 Bxe5 18. h3 Be6 19. Nxe5 Qxe5 20. Qxb7 Rfb8
21. Qc6 Bd5 22. Qc5 Qe6 23. Bg4 f5 24. Bd1 Rb2 25. Qd4 Rxa2 26. Rxa2 Bxa2 27.
Bf3 Rf8 28. Ra1 Bb3 29. Rxa7 Rf7 30. Ra8+ Rf8 31. Ra3 Bc4 32. Rc3 Ba2 33. Rc2
Bb3 34. Rb2 Bc4 35. Rb6 1-0

[Event "23rd Chicago Open"]
[Site "Wheeling, IL"]
[Date "2014.05.25"]
[Round "6.38"]
[White "Dougherty, Michael"]
[Black "Lucente, Mike"]
[Result "1-0"]
[WhiteElo "2132"]
[BlackElo "2048"]
[PlyCount "57"]
[EventDate "2014.05.??"]
[EventRounds "9"]
[EventCountry "USA"]
[SourceDate "2014.01.04"]

1. d4 d5 2. c4 c6 3. cxd5 cxd5 4. Nc3 Nf6 5. Bf4 a6 6. e3 Nc6 7. Bd3 g6 8. h3
Bg7 9. Nf3 O-O 10. Rc1 Qa5 11. O-O Be6 12. a3 Rac8 13. Na4 Nd7 14. b4 Qd8 15.
Ng5 b5 16. Nc5 Nxc5 17. Rxc5 Qd7 18. Nxe6 fxe6 19. Qg4 Nd8 20. Rfc1 Rxc5 21.
Rxc5 Nc6 22. h4 Rxf4 23. exf4 Nxd4 24. h5 gxh5 25. Qxh5 h6 26. Bg6 Kf8 27. Rc1
e5 28. fxe5 e6 29. f4 1-0

[Event "23rd Chicago Open"]
[Site "Wheeling, IL"]
[Date "2014.05.25"]
[Round "6.42"]
[White "Nieto, Guillermo"]
[Black "Sciupokas, Arunas"]
[Result "0-1"]
[WhiteElo "2015"]
[BlackElo "1946"]
[PlyCount "62"]
[EventDate "2014.05.??"]
[EventRounds "9"]
[EventCountry "USA"]
[SourceDate "2014.01.04"]

1. e4 e6 2. d4 b6 3. Bd3 Bb7 4. Nf3 c5 5. O-O cxd4 6. Nxd4 Nc6 7. Be3 Nf6 8.
Nd2 Be7 9. Kh1 Ne5 10. h3 O-O 11. f4 Nxd3 12. cxd3 Ba6 13. N2b3 Bb7 14. Rc1 Rc8
15. Qf3 Ne8 16. Rxc8 Qxc8 17. Rc1 Qd8 18. Qe2 Bd6 19. e5 Bb8 20. Nf3 f6 21. d4
d6 22. Rd1 Qe7 23. Nbd2 dxe5 24. dxe5 Nc7 25. Nc4 Nd5 26. Bc1 Ba6 27. b3 Nc3
28. Qd2 Nxd1 29. Ba3 Qd8 30. Bxf8 Qxd2 31. Ncxd2 Kxf8 0-1

[Event "23rd Chicago Open"]
[Site "Wheeling, IL"]
[Date "2014.05.25"]
[Round "7.1"]
[White "Troff, Kayden"]
[Black "Sargissian, Gabriel"]
[Result "1/2-1/2"]
[WhiteElo "2484"]
[BlackElo "2684"]
[PlyCount "28"]
[EventDate "2014.05.??"]
[EventRounds "9"]
[EventCountry "USA"]
[SourceDate "2014.01.04"]
[WhiteClock "1:36:21"]
[BlackClock "1:38:14"]

1. d4 Nf6 2. c4 e6 3. g3 d5 4. Nf3 Bb4+ 5. Bd2 Be7 6. Bg2 O-O 7. O-O c6 8. Qb3
Nbd7 9. Rc1 Nb6 10. c5 Nbd7 11. Bf4 Nh5 12. Bd2 Nhf6 13. Bf4 Nh5 14. Bd2 Nhf6
1/2-1/2

[Event "23rd Chicago Open"]
[Site "Wheeling, IL"]
[Date "2014.05.25"]
[Round "7.3"]
[White "Xiong, Jeffrey"]
[Black "Macieja, Bartlomiej"]
[Result "1/2-1/2"]
[WhiteElo "2412"]
[BlackElo "2605"]
[PlyCount "42"]
[EventDate "2014.05.??"]
[EventRounds "9"]
[EventCountry "USA"]
[SourceDate "2014.01.04"]
[WhiteClock "0:51:11"]
[BlackClock "0:16:49"]

1. e4 c5 2. Nf3 e6 3. g3 d5 4. exd5 exd5 5. d4 Nf6 6. Bg2 Be7 7. O-O O-O 8. Be3
cxd4 9. Nxd4 Nc6 10. Nc3 Bg4 11. Nce2 Qd7 12. f3 Bf5 13. Nxf5 Qxf5 14. Nd4 Qe5
15. Re1 Bc5 16. c3 Qc7 17. Qd2 Qb6 18. Nb3 Bxe3+ 19. Qxe3 Qc7 20. Qf2 Rfe8 21.
Rxe8+ Rxe8 1/2-1/2

[Event "23rd Chicago Open"]
[Site "Wheeling, IL"]
[Date "2014.05.25"]
[Round "7.5"]
[White "Holt, Conrad"]
[Black "Perelshteyn, Eugene"]
[Result "1/2-1/2"]
[WhiteElo "2555"]
[BlackElo "2513"]
[PlyCount "47"]
[EventDate "2014.05.??"]
[EventRounds "9"]
[EventCountry "USA"]
[SourceDate "2014.01.04"]

1. d4 Nf6 2. c4 e6 3. Nc3 Bb4 4. Qc2 Nc6 5. Nf3 d6 6. Bd2 Qe7 7. a3 Bxc3 8.
Bxc3 e5 9. d5 Nb8 10. e4 O-O 11. b4 Nh5 12. g3 f5 13. Bg2 fxe4 14. Qxe4 Nf6 15.
Qe3 Nbd7 16. O-O Nb6 17. Nd2 Na4 18. Rae1 Ng4 19. Qd3 Bf5 20. Be4 Bxe4 21. Nxe4
Nxc3 22. Qxc3 h6 23. c5 Nf6 24. Qd3 1/2-1/2

[Event "23rd Chicago Open"]
[Site "Wheeling, IL"]
[Date "2014.05.25"]
[Round "7.6"]
[White "Bregadze, Levan"]
[Black "Margvelashvili, Giorgi"]
[Result "1/2-1/2"]
[WhiteElo "2428"]
[BlackElo "2550"]
[PlyCount "30"]
[EventDate "2014.05.??"]
[EventRounds "9"]
[EventCountry "USA"]
[SourceDate "2014.01.04"]

1. Nf3 d5 2. c4 c6 3. b3 Nf6 4. Bb2 e6 5. e3 Nbd7 6. Be2 Bd6 7. d4 O-O 8. O-O
b6 9. Nc3 Bb7 10. Rc1 Rc8 11. Qc2 Qe7 12. Rfd1 Rfd8 13. Qb1 h6 14. h3 c5 15.
cxd5 exd5 1/2-1/2

[Event "23rd Chicago Open"]
[Site "Wheeling, IL"]
[Date "2014.05.25"]
[Round "7.7"]
[White "Erenburg, Sergey"]
[Black "Mulyar, Michael"]
[Result "1/2-1/2"]
[WhiteElo "2633"]
[BlackElo "2417"]
[PlyCount "64"]
[EventDate "2014.05.??"]
[EventRounds "9"]
[EventCountry "USA"]
[SourceDate "2014.01.04"]

1. e4 e5 2. Nf3 Nc6 3. Bb5 a6 4. Ba4 Nf6 5. O-O b5 6. Bb3 Bc5 7. Nc3 O-O 8. d3
h6 9. a4 Rb8 10. axb5 axb5 11. Nd5 d6 12. c3 Nxd5 13. Bxd5 Ne7 14. Bb3 Ng6 15.
h3 Qf6 16. Be3 Nf4 17. Kh2 Bb6 18. Ng1 Be6 19. Bxe6 Nxe6 20. b4 c5 21. Nf3 Rfc8
22. Ra6 Nc7 23. Ra3 cxb4 24. cxb4 d5 25. Bxb6 Rxb6 26. Rc3 dxe4 27. dxe4 Rd8
28. Qc2 Ne6 29. Rc6 Rxc6 30. Qxc6 Ng5 31. Qxf6 gxf6 32. Nxg5 hxg5 1/2-1/2

[Event "23rd Chicago Open"]
[Site "Wheeling, IL"]
[Date "2014.05.25"]
[Round "7.8"]
[White "Chandra, Akshat"]
[Black "Sadorra, Julio"]
[Result "0-1"]
[WhiteElo "2440"]
[BlackElo "2611"]
[PlyCount "74"]
[EventDate "2014.05.??"]
[EventRounds "9"]
[EventCountry "USA"]
[SourceDate "2014.01.04"]

1. e4 c5 2. Nf3 e6 3. d4 cxd4 4. Nxd4 a6 5. Bd3 Nf6 6. O-O Qc7 7. Qe2 d6 8. c4
g6 9. Nc3 Bg7 10. Rd1 O-O 11. Nf3 Nbd7 12. Bf4 Nh5 13. Bd2 b6 14. Rac1 Bb7 15.
Be3 Rfe8 16. Bb1 Rad8 17. Bg5 f6 18. Be3 f5 19. exf5 gxf5 20. Ng5 Nhf6 21. f3
Bh6 22. Nh3 Bxe3+ 23. Qxe3 Ne5 24. b3 Kh8 25. Kh1 Rg8 26. Nf4 Qg7 27. Rf1 Nh5
28. Nce2 Qh6 29. Rc3 Nxf4 30. Qxf4 Rg5 31. Qe3 Rdg8 32. Nf4 Rg3 33. Qd4 R3g7
34. Qe3 Qh4 35. Rc2 Rg3 36. Qd4 Rh3 37. g4 Rxf3 0-1

[Event "23rd Chicago Open"]
[Site "Wheeling, IL"]
[Date "2014.05.25"]
[Round "7.9"]
[White "Ostrovskiy, Aleksandr"]
[Black "Lenderman, Aleksandr"]
[Result "0-1"]
[WhiteElo "2436"]
[BlackElo "2582"]
[PlyCount "78"]
[EventDate "2014.05.??"]
[EventRounds "9"]
[EventCountry "USA"]
[SourceDate "2014.01.04"]

1. e4 e6 2. d4 d5 3. Nc3 Bb4 4. e5 b6 5. a3 Bxc3+ 6. bxc3 Qd7 7. Qg4 f5 8. Qg3
Ba6 9. Bxa6 Nxa6 10. Ne2 Kf7 11. a4 c5 12. O-O Ne7 13. Qd3 Qb7 14. Ba3 Rhc8 15.
Rfb1 Rab8 16. Nf4 Ng6 17. Ne2 c4 18. Qg3 Qd7 19. Bd6 Rb7 20. h4 h5 21. Qf3 Rh8
22. g3 Nb8 23. Kh2 Nc6 24. Nf4 Nxf4 25. gxf4 Nd8 26. Rg1 Kg8 27. Rg5 Qe8 28.
Ba3 Rh7 29. a5 bxa5 30. Bc5 a4 31. Rgg1 g6 32. Ba3 Rhg7 33. Qe2 Kh7 34. Rg3 a6
35. Rag1 Qf7 36. Qf3 Nc6 37. Rg5 Na7 38. Rxg6 Rxg6 39. Qxh5+ Rh6 0-1

[Event "23rd Chicago Open"]
[Site "Wheeling, IL"]
[Date "2014.05.25"]
[Round "7.10"]
[White "Kannappan, Priyadharshan"]
[Black "Shabalov, Alexander"]
[Result "1-0"]
[WhiteElo "2420"]
[BlackElo "2506"]
[PlyCount "47"]
[EventDate "2014.05.??"]
[EventRounds "9"]
[EventCountry "USA"]
[SourceDate "2014.01.04"]

1. e4 c5 2. Nf3 d6 3. Bb5+ Nd7 4. O-O Ngf6 5. Re1 a6 6. Bd3 Ne5 7. Nxe5 dxe5 8.
b3 e6 9. Bb2 Nd7 10. a4 b6 11. Na3 Be7 12. Nc4 Qc7 13. Qh5 g6 14. Bxe5 Nxe5 15.
Qxe5 Qxe5 16. Nxe5 Bf6 17. Nc4 Bxa1 18. Nxb6 Bf6 19. Nxa8 Bd8 20. a5 Bxa5 21.
Ra1 Bxd2 22. Bxa6 Bc3 23. Bb5+ Bd7 24. Ra7 1-0

[Event "23rd Chicago Open"]
[Site "Wheeling, IL"]
[Date "2014.05.25"]
[Round "7.13"]
[White "Jimenez, Fidel"]
[Black "Rizzitano, James"]
[Result "1-0"]
[WhiteElo "2577"]
[BlackElo "2316"]
[PlyCount "81"]
[EventDate "2014.05.??"]
[EventRounds "9"]
[EventCountry "USA"]
[SourceDate "2014.01.04"]

1. e4 c5 2. Nf3 Nc6 3. Bb5 Nf6 4. Nc3 g6 5. e5 Ng4 6. Qe2 Bg7 7. Bxc6 dxc6 8.
h3 Nh6 9. Ne4 b6 10. Nf6+ exf6 11. exf6+ Kf8 12. fxg7+ Kxg7 13. O-O Re8 14. Qc4
Be6 15. Qc3+ Qf6 16. d4 cxd4 17. Nxd4 Nf5 18. Nxf5+ gxf5 19. Qg3+ Qg6 20. Qh2
Bc4 21. Rd1 Re2 22. b3 Bd5 23. c4 Be4 24. Bd2 f6 25. Kf1 Bd3 26. Bh6+ Kxh6 27.
Rxd3 Rae8 28. Qc7 R2e7 29. Qxc6 f4 30. Qf3 Re4 31. Rad1 Qf5 32. Rd5 R4e5 33. g4
Qc2 34. Qxf4+ Kg7 35. Rd7+ R8e7 36. R1d6 Qg6 37. Qxe5 Qb1+ 38. Kg2 fxe5 39.
Rxe7+ Kf8 40. Rxe5 Qxa2 41. Re3 1-0

[Event "23rd Chicago Open"]
[Site "Wheeling, IL"]
[Date "2014.05.25"]
[Round "7.14"]
[White "Amanov, Mesgen"]
[Black "Schmakel, Sam"]
[Result "1/2-1/2"]
[WhiteElo "2463"]
[BlackElo "2306"]
[PlyCount "164"]
[EventDate "2014.05.??"]
[EventRounds "9"]
[EventCountry "USA"]
[SourceDate "2014.01.04"]

1. d4 f5 2. Nc3 Nf6 3. Bg5 d5 4. Bxf6 exf6 5. e3 Be6 6. Bd3 Nc6 7. Nge2 Bd6 8.
Bb5 Qd7 9. Nf4 Bxf4 10. exf4 O-O 11. O-O a6 12. Bxc6 Qxc6 13. Qd3 Rae8 14. Rfe1
Qd7 15. b3 Bf7 16. Na4 Rxe1+ 17. Rxe1 Re8 18. Rxe8+ Qxe8 19. Kf1 Be6 20. Nc5
Bc8 21. Qe2 Qxe2+ 22. Kxe2 Kf7 23. Na4 Ke7 24. Nc3 Kd6 25. Nd1 b6 26. Ne3 Bd7
27. Kd3 Be6 28. Kc3 Bd7 29. Kb4 Be6 30. Nf1 Bd7 31. Ng3 g6 32. Nf1 Be6 33. Ne3
Bd7 34. Nd1 Be6 35. Nb2 Bd7 36. Nd3 Be6 37. Kc3 Bd7 38. Nb4 Bc8 39. Nd3 Bd7 40.
Kd2 Bb5 41. Ne1 Bd7 42. Ke3 Be6 43. Nd3 Bd7 44. Nb2 Be6 45. Nd1 Bd7 46. Kd2 Be6
47. Ne3 Bd7 48. f3 Be6 49. Ke2 Bd7 50. g4 fxg4 51. fxg4 g5 52. Kf3 Be6 53. Nf1
Bf7 54. Ne3 Bg6 55. f5 Be8 56. Nf1 Bf7 57. Ng3 Be8 58. Ke3 Bf7 59. Kd3 Be8 60.
Kc3 Bf7 61. Kd2 Be8 62. Ne2 Bb5 63. Ng1 Be8 64. Ke3 Bf7 65. Nf3 h5 66. h3 h4
67. Nd2 Be8 68. a3 Bf7 69. Nb1 Be8 70. Nc3 Bd7 71. Kd3 Be8 72. Kd2 Bd7 73. Nd1
Be8 74. Ne3 Bf7 75. Kd3 Be8 76. Kd2 Bf7 77. Nd1 Be8 78. Nc3 Bd7 79. b4 Be8 80.
Kd3 Bd7 81. a4 a5 82. b5 c6 1/2-1/2

[Event "23rd Chicago Open"]
[Site "Wheeling, IL"]
[Date "2014.05.25"]
[Round "7.18"]
[White "Velikanov, Alexander"]
[Black "Sharma, Arun"]
[Result "1-0"]
[WhiteElo "2252"]
[BlackElo "2383"]
[PlyCount "107"]
[EventDate "2014.05.??"]
[EventRounds "9"]
[EventCountry "USA"]
[SourceDate "2014.01.04"]

1. d4 Nf6 2. c4 g6 3. Nf3 Bg7 4. g3 d5 5. Bg2 dxc4 6. Qa4+ Nbd7 7. Nc3 O-O 8.
Qxc4 Nb6 9. Qd3 Be6 10. O-O Rc8 11. Rd1 Qe8 12. e4 c5 13. d5 Bg4 14. h3 Bxf3
15. Qxf3 Nfd7 16. Qe2 c4 17. Be3 Nc5 18. Bxc5 Rxc5 19. e5 f6 20. exf6 Bxf6 21.
Ne4 Rc8 22. a4 a5 23. Qe3 Nd7 24. Nxf6+ exf6 25. Qh6 Nb6 26. Re1 Qd7 27. Re6
Nxa4 28. Rxa4 Qxa4 29. Re7 Rf7 30. Rxf7 Kxf7 31. Qxh7+ Ke8 32. Qxg6+ Ke7 33.
Qg7+ Ke8 34. Qxf6 Rd8 35. h4 Qd7 36. Be4 Qd6 37. Bg6+ Kd7 38. Qg7+ Kc8 39. Bf5+
Kb8 40. Be6 Qc5 41. Kg2 b5 42. Qe5+ Qc7 43. Qe4 Qc5 44. g4 b4 45. d6 c3 46.
bxc3 bxc3 47. Bb3 Qb4 48. Qxb4+ axb4 49. g5 Rxd6 50. Kf3 Rd3+ 51. Ke4 Rd2 52.
Ke3 Rb2 53. g6 c2 54. Kd2 1-0